Loading...
| Literature - World Literature | 0 | 4 | 0 | 1 | 40 | 122 | 132.50 | 0 | 0 |
| Science - Other Science | 0 | 4 | 0 | 0 | 40 | 49 | 98.00 | 1 | 1 |
| Literature - European Literature | 0 | 3 | 0 | 2 | 30 | 122 | 138.00 | 0 | 0 |
| Mythology | 0 | 3 | 0 | 0 | 30 | 108 | 123.67 | 0 | 0 |
| Literature - American Literature | 0 | 3 | 0 | 0 | 30 | 115 | 128.67 | 0 | 0 |
| Religion | 0 | 3 | 0 | 1 | 30 | 88 | 110.00 | 0 | 1 |
| Science - Physics | 0 | 4 | 2 | 1 | 30 | 83 | 115.25 | 0 | 1 |
| Any History | 0 | 2 | 0 | 0 | 20 | 108 | 110.50 | 0 | 0 |
| Philosophy | 0 | 2 | 0 | 1 | 20 | 131 | 134.50 | 0 | 0 |
| Fine Arts - Classical Music | 0 | 2 | 1 | 0 | 15 | 127 | 133.00 | 0 | 0 |
| History - American History | 0 | 1 | 0 | 0 | 10 | 123 | 123.00 | 0 | 0 |
| Other Academic | 0 | 1 | 0 | 1 | 10 | 115 | 115.00 | 0 | 0 |
| Painting & Sculpture | 0 | 1 | 0 | 1 | 10 | 125 | 125.00 | 0 | 0 |
| History - World History | 0 | 1 | 0 | 0 | 10 | 128 | 128.00 | 0 | 0 |
| Current Events | 0 | 1 | 0 | 0 | 10 | 56 | 56.00 | 0 | 0 |
| Literature - British Literature | 0 | 1 | 0 | 1 | 10 | 149 | 149.00 | 0 | 0 |
| Science - Biology | 0 | 0 | 0 | 0 | 0 | 0.00 | 0 | 0 | |
| Social Science | 0 | 0 | 1 | 0 | -5 | 0.00 | 0 | 0 | |
| Fine Arts - Other Fine Arts | 0 | 0 | 1 | 0 | -5 | 0.00 | 0 | 0 |